[Event "Chigorin Memorial"]
[Site "St Petersburg RUS"]
[Date "2012.10.29"]
[Round "3.51"]
[White "Vocaturo, Daniele"]
[Black "Dolzhykova, Kateryna"]
[Result "0-1"]
[WhiteTitle "GM"]
[BlackTitle "WIM"]
[WhiteElo "2534"]
[BlackElo "2313"]
[WhiteFideId "813192"]
[BlackFideId "14113414"]
[EventDate "2012.10.27"]

1. e4 c5 2. Nf3 d6 3. d4 cxd4 4. Qxd4 Nf6 5. Bg5 Nc6 6. Qe3 e6 7. Nc3 Be7 8. Bd3
O-O 9. Qe2 Nd7 10. h4 Nde5 11. Bxe7 Qxe7 12. O-O-O a6 13. Ng5 f6 14. Nh3 b5 15.
f4 Nxd3+ 16. Rxd3 Bb7 17. Qd2 Rfd8 18. Re1 Rac8 19. Nd5 exd5 20. exd5 Ne5 21.
fxe5 dxe5 22. Nf4 Rd6 23. Ne6 Qf7 24. Ree3 Bxd5 25. Rxd5 Rxe6 26. Red3 Rce8 27.
b3 e4 28. Re3 f5 29. g3 Qf6 30. Kb1 h6 31. Rd7 Kh7 32. h5 Rc8 33. Qd5 Rec6 34.
Re2 Qe6 35. Qd4 Qf6 36. Qd5 Qe6 37. Qd4 Qf6 38. Qd5 Rc5 39. Qb7 a5 40. g4 a4 41.
Red2 a3 42. Rxg7+ Kh8 43. Rh7+ Kg8 44. c4 e3 45. Rg2 f4 46. g5 hxg5 47. Rc2 f3
48. h6 f2 0-1

[Event "Chigorin Memorial"]
[Site "St Petersburg RUS"]
[Date "2012.10.29"]
[Round "3.53"]
[White "Baryshpolets, Andrey"]
[Black "Gubernatorov, Sergey"]
[Result "1-0"]
[WhiteTitle "IM"]
[BlackTitle "FM"]
[WhiteElo "2510"]
[BlackElo "2311"]
[WhiteFideId "14117207"]
[BlackFideId "4148215"]
[EventDate "2012.10.27"]

1. e4 c5 2. Nf3 g6 3. c4 Bg7 4. d4 cxd4 5. Nxd4 Nc6 6. Be3 Nf6 7. Nc3 d6 8. Be2
O-O 9. O-O Bd7 10. Rc1 Nxd4 11. Bxd4 Bc6 12. f3 a5 13. b3 Nd7 14. Be3 Nc5 15.
Qd2 Qb6 16. Rc2 Rfc8 17. Rb1 h5 18. Bf1 Kh7 19. Kh1 Qd8 20. Re1 Qf8 21. Qf2 Bh6
22. Bxh6 Qxh6 23. e5 Qf4 24. exd6 exd6 25. Ne2 Qf6 26. Qd4 Qe5 27. Rd1 Rd8 28.
Rcd2 Rd7 29. Qh4 Rad8 30. Nd4 Ne6 31. Nxe6 Qxe6 32. Re1 Qf5 33. Bd3 Qc5 34. f4
Kh6 35. Qf6 d5 36. Re5 1-0

[Event "Chigorin Memorial"]
[Site "St Petersburg RUS"]
[Date "2012.10.29"]
[Round "3.54"]
[White "Melnikov, Dmitry"]
[Black "Ajrapetjan, Yuriy"]
[Result "1-0"]
[WhiteTitle "FM"]
[BlackTitle "GM"]
[WhiteElo "2292"]
[BlackElo "2502"]
[WhiteFideId "4146468"]
[BlackFideId "14109069"]
[EventDate "2012.10.27"]

1. e4 e5 2. Nf3 Nc6 3. d4 exd4 4. c3 d5 5. exd5 Qxd5 6. cxd4 Bg4 7. Be2 Bb4+ 8.
Nc3 Bxf3 9. Bxf3 Qc4 10. Bxc6+ Qxc6 11. O-O Ne7 12. Qb3 a5 13. a3 Bxc3 14. bxc3
a4 15. Qb4 Nd5 16. Re1+ Kd7 17. Qb1 g6 18. Bd2 Qc4 19. Qe4 Rae8 20. Qf3 f5 21.
g4 f4 22. Re5 Rxe5 23. dxe5 Ke6 24. Re1 Rf8 25. Re4 Qa2 26. Rd4 c5 27. Rd3 Qc4
28. Be1 Kxe5 29. Qe2+ Kd6 30. f3 Rf6 31. Qe4 b5 32. Bd2 g5 33. Qxh7 Kc6 34. h4
gxh4 35. g5 Re6 36. Qg8 Nc7 37. Qd8 Qa2 38. Rd7 Nd5 39. Rxd5 Qxd5 40. Qa8+ Kd6
41. Bxf4+ Re5 42. Qa6+ Kc7 43. Qxb5 Kc8 44. Qa6+ Kd7 45. Qxa4+ Kd8 46. Bxe5 Qxe5
47. Qxh4 Qxc3 48. g6+ Ke8 49. Qe4+ Kf8 50. f4 Kg7 51. Qe5+ Qxe5 52. fxe5 Kxg6
53. a4 c4 54. Kf2 Kf5 55. a5 Kxe5 56. a6 c3 57. Ke3 Kd5 58. a7 1-0

[Event "Chigorin Memorial"]
[Site "St Petersburg RUS"]
[Date "2012.10.29"]
[Round "3.55"]
[White "Cheremnova, Tamara"]
[Black "Portisch, Lajos"]
[Result "1-0"]
[WhiteTitle "WFM"]
[BlackTitle "GM"]
[WhiteElo "2235"]
[BlackElo "2495"]
[WhiteFideId "4175026"]
[BlackFideId "700037"]
[EventDate "2012.10.27"]

1. d4 Nf6 2. c4 e6 3. Nf3 d5 4. Nc3 Nbd7 5. Bg5 Be7 6. e3 O-O 7. Rc1 dxc4 8.
Bxc4 c5 9. O-O cxd4 10. exd4 Nb6 11. Bd3 Nfd5 12. Bd2 Bd7 13. Ne5 Be8 14. Bb1 f6
15. Qc2 g6 16. Nf3 Bf7 17. Bh6 Re8 18. h4 Rc8 19. h5 Nxc3 20. bxc3 Qd5 21. hxg6
Bxg6 22. Qe2 Ba3 23. c4 Qh5 24. Rc3 Bb4 25. Rb3 Bd6 26. Bc1 Nxc4 27. Rxb7 Bxb1
28. Rxb1 Nb6 29. Re1 Re7 30. Rb3 Kh8 31. Ba3 Bxa3 32. Rxa3 Rce8 33. Nd2 Qxe2 34.
Rxe2 Nd5 35. Ra6 Kg8 36. Nb3 Kf7 37. Nc5 e5 38. dxe5 fxe5 39. Ne4 Rb8 40. Nd6+
Kf8 41. Nf5 Nf4 42. Re4 Rf7 43. Rxe5 Nd3 44. Rea5 Rb1+ 45. Kh2 Nxf2 46. Rxa7
Rxa7 47. Rxa7 Ng4+ 48. Kg3 Nf6 49. a4 Rf1 50. Nd6 Kg8 51. a5 Nd5 52. a6 Ra1 53.
Ra8+ Kg7 54. a7 1-0

[Event "Chigorin Memorial"]
[Site "St Petersburg RUS"]
[Date "2012.10.29"]
[Round "3.56"]
[White "Mikheev, Stanislav"]
[Black "Stukopin, Andrey"]
[Result "0-1"]
[WhiteTitle "IM"]
[BlackTitle "IM"]
[WhiteElo "2286"]
[BlackElo "2494"]
[WhiteFideId "4135920"]
[BlackFideId "24107131"]
[EventDate "2012.10.27"]

1. d4 c5 2. d5 d6 3. e4 g6 4. Nc3 Bg7 5. Be2 Nf6 6. Nf3 O-O 7. O-O e6 8. dxe6
Bxe6 9. Bf4 d5 10. exd5 Nxd5 11. Nxd5 Qxd5 12. Qxd5 Bxd5 13. Rad1 Bc6 14. Ne5
Re8 15. Nxc6 Nxc6 16. Bb5 Bxb2 17. Rd7 Nd8 18. Rfd1 Bf6 19. Be3 a6 20. Bc4 Rc8
21. h3 b5 22. Bd5 Bd4 23. Bxd4 cxd4 24. Rxd4 Rxc2 25. Rf4 Rf8 26. Rf6 a5 27. Rb6
Rc5 28. Rbd6 Ne6 29. Bxe6 fxe6 30. Rxe6 Rf7 31. Rd2 b4 32. h4 Rfc7 33. Ra6 Kf7
34. g3 Ke7 35. Kg2 Rd7 36. Re2+ Kd8 37. Ra8+ Kc7 38. Ree8 Kb6 39. Re3 Rb7 40. a3
Kb5 41. Rae8 Ka4 42. R8e4 Rbc7 43. axb4 axb4 44. f4 Rc3 45. Re1 Ka3 46. R4e2 Rc2
47. Kf3 Rxe2 48. Rxe2 Rc3+ 49. Ke4 Rxg3 50. Kd4 b3 51. Re7 b2 52. Ra7+ Kb3 53.
Rxh7 Ka2 54. Ra7+ Ra3 55. Rb7 Ra5 56. f5 gxf5 0-1

[Event "Chigorin Memorial"]
[Site "St Petersburg RUS"]
[Date "2012.10.29"]
[Round "3.58"]
[White "Fomichenko, Eduard"]
[Black "Schepetkova, Margarita"]
[Result "1-0"]
[WhiteTitle "IM"]
[WhiteElo "2460"]
[BlackElo "2239"]
[WhiteFideId "4132700"]
[BlackFideId "4189949"]
[EventDate "2012.10.27"]

1. Nf3 d5 2. d4 Nf6 3. c4 c6 4. Nc3 a6 5. e3 b5 6. b3 Bg4 7. Be2 e6 8. O-O Bd6
9. Bb2 O-O 10. h3 Bf5 11. Nh4 Be4 12. f3 Bg6 13. Nxg6 hxg6 14. Bd3 Nbd7 15. e4
b4 16. Na4 e5 17. f4 dxe4 18. fxe5 Bc7 19. exf6 Nxf6 20. Rxf6 Qxf6 21. Bxe4 Rae8
22. Qf3 Qd6 23. g3 Re6 24. Nc5 Rf6 25. Qg2 Bb6 26. Kh2 Re8 27. Bf3 Rxf3 28. Qxf3
Bxc5 29. Rf1 f6 30. dxc5 Qd2+ 31. Rf2 Qe1 32. Rg2 Re6 33. h4 Qb1 34. Bd4 g5 35.
h5 Kh8 36. g4 Re1 37. Bg1 Re6 38. Rd2 g6 39. hxg6 Qxg6 40. Qf5 Qe8 41. Bd4 Kg8
42. Rf2 Re2 43. Qxf6 Rxf2+ 44. Bxf2 Qe2 45. Qxg5+ Kh7 46. Qf5+ Kg8 47. g5 1-0

[Event "Chigorin Memorial"]
[Site "St Petersburg RUS"]
[Date "2012.10.29"]
[Round "3.59"]
[White "Socko, Monika"]
[Black "Solovyov, Viktor"]
[Result "1-0"]
[WhiteTitle "GM"]
[WhiteElo "2445"]
[BlackElo "2265"]
[WhiteFideId "1106619"]
[BlackFideId "4102754"]
[EventDate "2012.10.27"]

1. c4 Nf6 2. Nc3 e6 3. e4 d5 4. e5 d4 5. exf6 dxc3 6. bxc3 Qxf6 7. d4 e5 8. Nf3
exd4 9. Bg5 Qe6+ 10. Be2 Be7 11. cxd4 Bxg5 12. Nxg5 Qf6 13. Ne4 Qe7 14. Nc3 O-O
15. O-O Nd7 16. Re1 Nf6 17. Rb1 c6 18. Qd3 Rd8 19. Bf3 Qc7 20. d5 cxd5 21. cxd5
Bf5 22. Qxf5 Qxc3 23. Re7 b6 24. g4 Rf8 25. Rd1 Rad8 26. d6 Ne8 27. d7 Nc7 28.
Bd5 Nxd5 29. Qxd5 Qf6 30. Rde1 g6 31. g5 Qf4 32. R1e3 Qb4 33. h3 Qb1+ 34. Kg2
Qf5 35. R3e5 Qc2 36. Re8 Qc7 37. R5e7 Kg7 38. Rxf8 1-0

[Event "Chigorin Memorial"]
[Site "St Petersburg RUS"]
[Date "2012.10.29"]
[Round "3.61"]
[White "Iordachescu, Viorel"]
[Black "Balaian, Alina"]
[Result "0-1"]
[WhiteTitle "GM"]
[BlackTitle "WIM"]
[WhiteElo "2637"]
[BlackElo "2180"]
[WhiteFideId "13900200"]
[BlackFideId "24115347"]
[EventDate "2012.10.27"]

1. e4 e6 2. d4 d5 3. Nd2 Nf6 4. e5 Nfd7 5. Bd3 c5 6. c3 Nc6 7. Ngf3 Be7 8. O-O
g5 9. dxc5 g4 10. Nd4 Ndxe5 11. Bb5 Bxc5 12. f4 Ng6 13. Nb3 Bb6 14. Kh1 Bd7 15.
f5 e5 16. Qxg4 Qh4 17. Qe2 Qe7 18. Nf3 e4 19. Ng5 Nge5 20. f6 Qf8 21. Bf4 O-O-O
22. c4 h6 23. Nh3 Bg4 24. Qc2 Nxc4 25. Nf2 Bf5 26. Rac1 Qb4 27. Bxc6 bxc6 28.
Nd2 Kb7 29. b3 e3 30. Qxf5 Nxd2 31. Qc2 Qxf4 0-1

[Event "Chigorin Memorial"]
[Site "St Petersburg RUS"]
[Date "2012.10.29"]
[Round "3.62"]
[White "Andriasian, Zaven"]
[Black "Shaydullina, Sandugach"]
[Result "1-0"]
[WhiteTitle "GM"]
[BlackTitle "WGM"]
[WhiteElo "2604"]
[BlackElo "2162"]
[WhiteFideId "13302000"]
[BlackFideId "4140389"]
[EventDate "2012.10.27"]

1. e4 c5 2. Nf3 e6 3. d4 cxd4 4. Nxd4 Nf6 5. Nc3 d6 6. g4 h6 7. Rg1 Nc6 8. h4 d5
9. exd5 Nxd5 10. Nxd5 Qxd5 11. Be3 Nxd4 12. Qxd4 Qxd4 13. Bxd4 Bd7 14. Bg2 Rc8
15. Bxb7 Rxc2 16. Bc3 Bc5 17. Rg2 Bb5 18. Bf3 Ke7 19. a3 Rd8 20. Bd1 Rxd1+ 21.
Kxd1 Ba4 22. Ke1 Bc6 23. Rh2 Bf3 24. g5 hxg5 25. hxg5 Be3 26. Bxg7 Bxg5 27. Rh3
Bg4 28. Rg3 f5 29. Bd4 a5 30. Kf1 Bf4 31. Rc3 Rd2 32. Be3 Bxe3 33. Rxe3 Rxb2 34.
Rae1 f4 35. Re4 Bh3+ 36. Kg1 f3 37. Re5 Rb8 38. Kh2 Rh8 39. Kg3 Bg2 40. Rxe6+
Kd7 41. Rg6 Rh3+ 42. Kf4 Rh4+ 43. Rg4 Rh6 44. Re5 a4 45. Ra5 Rf6+ 46. Kg3 Bf1
47. Rgxa4 Be2 48. Ra7+ Kc8 49. Rg7 Kb8 50. Rf4 Rc6 51. Rf8+ Rc8 52. Rxc8+ Kxc8
53. Rf7 Bd1 54. Rxf3 1-0

[Event "Chigorin Memorial"]
[Site "St Petersburg RUS"]
[Date "2012.10.29"]
[Round "3.63"]
[White "Burmakin, Vladimir"]
[Black "Antinyan, Armen"]
[Result "1/2-1/2"]
[WhiteTitle "GM"]
[WhiteElo "2579"]
[BlackElo "2177"]
[WhiteFideId "4105109"]
[BlackFideId "13303112"]
[EventDate "2012.10.27"]

1. d4 d5 2. Nf3 Nf6 3. c4 e6 4. Nc3 Be7 5. cxd5 exd5 6. Bf4 O-O 7. e3 Bf5 8. Be2
c6 9. h3 Re8 10. O-O h6 11. a3 Bd6 12. Bxd6 Qxd6 13. Qb3 Qc7 14. Rfc1 Qb6 15.
Qd1 Nbd7 16. b4 Ne4 17. Na4 Qd8 18. b5 cxb5 19. Bxb5 a6 20. Bxd7 Bxd7 21. Nc5 b6
22. Nxd7 Qxd7 23. Ne5 Qb7 24. Qg4 Nf6 25. Qf5 Rac8 26. Rab1 Rc7 27. Rxc7 Qxc7
28. Qd3 Ra8 29. Qb3 b5 30. Nd3 Qc4 31. Nc5 Qxb3 32. Rxb3 Kf8 33. a4 bxa4 34. Ra3
Ne4 35. Nxa4 Rb8 36. Nc3 Nxc3 37. Rxc3 Rb6 38. Rc7 Rd6 1/2-1/2

[Event "Chigorin Memorial"]
[Site "St Petersburg RUS"]
[Date "2012.10.29"]
[Round "3.64"]
[White "Ionov, Sergey"]
[Black "Nedostup, Daniil"]
[Result "1-0"]
[WhiteTitle "GM"]
[WhiteElo "2550"]
[BlackElo "2152"]
[WhiteFideId "4100875"]
[BlackFideId "24121576"]
[EventDate "2012.10.27"]

1. c4 e6 2. g3 Nf6 3. Bg2 d5 4. Nf3 dxc4 5. Qa4+ Nbd7 6. Qxc4 c5 7. Qb3 Qc7 8.
d3 a6 9. a4 Rb8 10. O-O Be7 11. a5 O-O 12. Nc3 b5 13. axb6 Nxb6 14. Bf4 Bd6 15.
Bxd6 Qxd6 16. Qa3 Rd8 17. Nd2 Nbd5 18. Nce4 Nxe4 19. Nxe4 Qe5 20. Qxc5 Rxb2 21.
e3 Rb5 22. Qa7 Rd7 23. Rac1 Qb8 24. Qxb8 Rxb8 25. d4 h6 26. Rfd1 Rc7 27. Nc5 Rc6
28. Rb1 Rcb6 29. Rxb6 Rxb6 30. Bf1 Nc7 31. Rc1 Nb5 32. Na4 Rb8 33. Nb6 Bb7 34.
Nd7 Rc8 35. Nc5 Bd5 36. Ra1 Nc7 37. Bd3 Ra8 38. Ra5 Bc6 39. Kf1 Kf8 40. Ke2 Ke7
41. e4 Bb5 42. Ke3 Rb8 43. Ra2 Rb6 44. Bxb5 axb5 45. Ra7 Kd6 46. Nb7+ Kd7 47.
Kd3 Rc6 48. Nc5+ Kd6 49. f4 f6 50. e5+ fxe5 51. fxe5+ Kd5 52. Rb7 h5 53. Rb8
Rxc5 54. Rd8+ Kc6 55. Rd6+ 1-0

[Event "Chigorin Memorial"]
[Site "St Petersburg RUS"]
[Date "2012.10.29"]
[Round "3.65"]
[White "Torlopov, Nikita"]
[Black "Atabayev, Yusup"]
[Result "0-1"]
[BlackTitle "FM"]
[WhiteElo "2184"]
[BlackElo "2407"]
[WhiteFideId "4191722"]
[BlackFideId "14001128"]
[EventDate "2012.10.27"]

1. d4 Nf6 2. c4 c5 3. d5 e6 4. Nc3 exd5 5. cxd5 d6 6. e4 g6 7. f4 Bg7 8. Bb5+
Nfd7 9. Be2 Qh4+ 10. g3 Qd8 11. Nf3 O-O 12. O-O Re8 13. Kg2 Na6 14. f5 c4 15.
Bxc4 Nac5 16. Ng5 Nf6 17. fxg6 hxg6 18. Bd3 a6 19. Qc2 b5 20. b4 Nxd3 21. Qxd3
Ra7 22. Be3 Rb7 23. Bd4 Ng4 24. Nf3 Bxd4 25. Qxd4 Rc7 26. Rac1 Rc4 27. Qd2 Qb6
28. Rce1 Qc7 29. Rc1 Qa7 30. Rce1 Ne5 31. a3 Qc7 32. Rc1 Nxf3 33. Rxf3 Bg4 34.
Rf2 Rc8 35. Qf4 Qd7 36. Rfc2 Bh3+ 37. Kg1 Qa7+ 38. Qf2 Qxf2+ 39. Kxf2 f5 40. g4
Bxg4 41. Kg3 Bh5 42. Kf4 fxe4 43. h3 Kg7 44. Ke3 g5 45. Kd2 e3+ 46. Kxe3 Bg6 47.
Kd2 Bxc2 48. Rxc2 0-1

[Event "Chigorin Memorial"]
[Site "St Petersburg RUS"]
[Date "2012.10.29"]
[Round "3.66"]
[White "Pogosian, Vladimir"]
[Black "Tilicheev, Viacheslav"]
[Result "0-1"]
[BlackTitle "FM"]
[WhiteElo "2143"]
[BlackElo "2397"]
[WhiteFideId "13301586"]
[BlackFideId "24114928"]
[EventDate "2012.10.27"]

1. e4 c5 2. Nc3 Nc6 3. f4 g6 4. Nf3 Bg7 5. Bc4 e6 6. f5 Nge7 7. fxe6 dxe6 8. O-O
Nd4 9. d3 Nec6 10. Ne2 Nxf3+ 11. Rxf3 O-O 12. Bb3 c4 13. Bxc4 Ne5 14. Rf1 Nxc4
15. dxc4 Qb6+ 16. Kh1 Rd8 17. Qe1 Qc5 18. Qh4 Bd7 19. Bg5 Rf8 20. b3 Bxa1 21.
Rxa1 f5 22. Be7 Qe5 23. Rd1 Bc6 24. Bxf8 Rxf8 25. Qf4 Qxe4 26. Qxe4 Bxe4 27. Rd2
e5 28. Nc3 Bc6 29. Rd6 f4 30. Nd5 e4 31. Kg1 g5 32. h3 Kg7 33. Kf2 h5 34. Re6
Re8 35. Rxe8 Bxe8 36. h4 Kg6 37. hxg5 Kxg5 38. b4 Bf7 39. Nc3 e3+ 40. Kf3 Bxc4
41. g3 fxg3 42. Ne4+ Kh4 43. Nxg3 e2 44. Nxe2 Bxe2+ 45. Kxe2 Kg3 46. Kf1 Kf3 47.
c4 Ke4 48. c5 Kd5 49. Kg2 Kc4 50. a3 a6 0-1

[Event "Chigorin Memorial"]
[Site "St Petersburg RUS"]
[Date "2012.10.29"]
[Round "3.67"]
[White "Menkov, Aleksandr"]
[Black "Dzhangobegov, Vladimir"]
[Result "0-1"]
[BlackTitle "FM"]
[WhiteElo "2142"]
[BlackElo "2395"]
[WhiteFideId "24160326"]
[BlackFideId "4180984"]
[EventDate "2012.10.27"]

1. c4 Nf6 2. Nc3 g6 3. g3 Bg7 4. Bg2 O-O 5. d4 Nc6 6. Nf3 d6 7. O-O Bf5 8. Re1
Ne4 9. Nd5 Bg4 10. h3 Bxf3 11. Bxf3 Nf6 12. Be3 Nd7 13. Rc1 a5 14. Nc3 Qc8 15.
Kh2 e5 16. Nb5 Rd8 17. d5 Ne7 18. c5 Nxc5 19. Bxc5 dxc5 20. Rxc5 c6 21. dxc6
Rxd1 22. cxb7 Rxe1 23. bxa8=Q Qxa8 24. Bxa8 Rxe2 25. Kg2 Rxb2 26. Nd6 Rxa2 27.
Rc7 Bf6 28. Nxf7 Kf8 29. Nd6 Bg5 30. Kf3 Bd2 31. Ra7 Bb4 32. Nc4 a4 33. Nxe5
Rxf2+ 34. Kg4 h5+ 35. Kh4 Bc3 36. Nxg6+ Nxg6+ 37. Kxh5 Ne5 38. Rxa4 Rf5+ 39. Kh4
Bd2 40. Be4 Rf6 41. Ra8+ Ke7 42. Ra7+ Kd8 43. g4 Nf7 44. Kg3 Be1+ 45. Kg2 Rf2+
46. Kh1 Ng5 47. Bg2 Rc2 48. h4 Bxh4 49. Kh2 Bf2 50. Rg7 Ne6 51. Rf7 Bc5 52. Rf5
Nf4 53. Kg3 Nxg2 54. g5 Bd6+ 0-1

[Event "Chigorin Memorial"]
[Site "St Petersburg RUS"]
[Date "2012.10.29"]
[Round "3.68"]
[White "Annageldyev, Orazly"]
[Black "Pen, Pyotr"]
[Result "1-0"]
[WhiteTitle "GM"]
[WhiteElo "2394"]
[BlackElo "2150"]
[WhiteFideId "14000016"]
[BlackFideId "24129950"]
[EventDate "2012.10.27"]

1. e4 c5 2. c3 d5 3. exd5 Qxd5 4. d4 cxd4 5. cxd4 Nc6 6. Nf3 Bg4 7. Be2 O-O-O 8.
Nc3 Qd7 9. d5 Bxf3 10. Bxf3 Ne5 11. Bf4 Qf5 12. Rc1 Nxf3+ 13. Qxf3 Nf6 14. O-O
g5 15. Ne4+ Kd7 16. Qd3 1-0

[Event "Chigorin Memorial"]
[Site "St Petersburg RUS"]
[Date "2012.10.29"]
[Round "3.69"]
[White "Kuzmin, Egor"]
[Black "Zavoronkov, Vladimir"]
[Result "1/2-1/2"]
[BlackTitle "IM"]
[WhiteElo "2140"]
[BlackElo "2378"]
[WhiteFideId "24101737"]
[BlackFideId "4500342"]
[EventDate "2012.10.27"]

1. Nf3 c5 2. c4 Nc6 3. Nc3 g6 4. g3 Bg7 5. Bg2 d6 6. O-O e5 7. d3 Nge7 8. Rb1
O-O 9. a3 a5 10. Bd2 Rb8 11. Ne1 Be6 12. Nc2 d5 13. cxd5 Nxd5 14. Nxd5 Bxd5 15.
Bxd5 Qxd5 16. Ne3 Qe6 17. b4 axb4 18. axb4 cxb4 19. Bxb4 Rfd8 20. Bc5 e4 21. Bb6
Rd7 22. Rb3 Bd4 23. Nc4 exd3 24. exd3 Bxb6 25. Nxb6 Rd6 26. Re1 Qf5 27. Nc4 Rf6
28. Rb2 Nd4 29. Ne5 Re6 30. Re4 Rxe5 31. Rxd4 Rbe8 32. Kg2 b5 33. Qf3 Qe6 34.
Qb7 Rh5 35. h4 Qe5 36. Rbb4 Rf5 37. Re4 Qb8 38. Qxb8 Rxb8 39. f4 Rd5 40. Re5
Rxd3 41. Rexb5 Rxb5 1/2-1/2

[Event "Chigorin Memorial"]
[Site "St Petersburg RUS"]
[Date "2012.10.29"]
[Round "3.70"]
[White "Basencyan, Mark"]
[Black "Baghdasaryan, Vahe"]
[Result "0-1"]
[BlackTitle "IM"]
[WhiteElo "2139"]
[BlackElo "2373"]
[WhiteFideId "13300725"]
[BlackFideId "13303139"]
[EventDate "2012.10.27"]

1. d4 Nf6 2. Nf3 e6 3. c4 d5 4. Nc3 c6 5. cxd5 exd5 6. Bg5 Be7 7. e3 Bf5 8. Bd3
Bxd3 9. Qxd3 Nbd7 10. O-O O-O 11. a3 a5 12. Rab1 Nb6 13. Ne5 Ne8 14. Bf4 Nd6 15.
Qc2 Re8 16. Na4 Nxa4 17. Qxa4 Ne4 18. Qc2 Bf8 19. Nd3 Qe7 20. b4 axb4 21. axb4
g5 22. f3 Nd6 23. Bg3 Qxe3+ 24. Bf2 Qe2 25. Qxe2 Rxe2 26. Ra1 Rea2 27. Rae1 Nc4
28. Rd1 Nb2 29. Nxb2 Rxb2 30. Rb1 Raa2 0-1

[Event "Chigorin Memorial"]
[Site "St Petersburg RUS"]
[Date "2012.10.29"]
[Round "3.71"]
[White "Tkachev, Ivan"]
[Black "Lugovskoy, Maxim"]
[Result "1-0"]
[BlackTitle "FM"]
[WhiteElo "2128"]
[BlackElo "2372"]
[WhiteFideId "4186885"]
[BlackFideId "24126454"]
[EventDate "2012.10.27"]

1. d4 d5 2. c4 e6 3. Nf3 Nf6 4. e3 c5 5. Nbd2 cxd4 6. Nxd4 Be7 7. Be2 O-O 8. O-O
Nc6 9. N2f3 Ne4 10. Bd3 Bf6 11. Nxc6 bxc6 12. Qc2 Rb8 13. Bxe4 dxe4 14. Qxe4 c5
15. Qc2 Bb7 16. e4 Qc7 17. Rb1 Be5 18. Nxe5 Qxe5 19. f3 f5 20. exf5 Rxf5 21. Qc3
Qc7 22. Qe1 Rf6 23. Bg5 Rg6 24. Bh4 Re8 25. Bg3 e5 26. Qe3 Qe7 27. Rfe1 Re6 28.
Rbd1 h5 29. h4 e4 30. f4 Rg6 31. Rf1 Rf8 32. f5 Rgf6 33. Qg5 Re8 34. Bd6 Qf7 35.
Bxc5 Qxc4 36. Be3 Qc6 37. Qxh5 Ref8 38. Qg5 Ba6 39. Rf2 Bd3 40. g4 Qd5 41. b3 a5
42. Rc1 Qd7 43. Qf4 Qd8 44. Qc7 Qa8 45. Rc5 R6f7 46. Qxa5 Qb8 47. Bf4 Qe8 48.
Re5 Qc8 49. Qc5 e3 50. Bxe3 Qd8 51. Bg5 Qb8 52. Qe3 Ba6 53. Re7 Qb4 54. Rf4 Qd6
55. Rd4 Qc6 56. Rxf7 Rxf7 57. Qe6 Qc5 58. Be3 Qf8 59. Qxa6 1-0

[Event "Chigorin Memorial"]
[Site "St Petersburg RUS"]
[Date "2012.10.29"]
[Round "3.72"]
[White "Solovjov, Sergey I."]
[Black "Ivanov, Rostislav"]
[Result "1-0"]
[WhiteTitle "IM"]
[BlackTitle "FM"]
[WhiteElo "2371"]
[BlackElo "2146"]
[WhiteFideId "4122780"]
[BlackFideId "4160495"]
[EventDate "2012.10.27"]

1. e4 c5 2. Nf3 d6 3. d4 cxd4 4. Nxd4 Nf6 5. Nc3 a6 6. Bg5 e6 7. f4 Be7 8. Qf3
Qc7 9. O-O-O O-O 10. g4 Nbd7 11. Bxf6 Bxf6 12. g5 Bxd4 13. Rxd4 b5 14. a3 Bb7
15. h4 Rac8 16. Bh3 f5 17. gxf6 Rxf6 18. Qd1 Nc5 19. Re1 e5 20. Bxc8 exd4 21.
Bxb7 dxc3 22. Bd5+ Kh8 23. b4 Nd7 24. f5 a5 25. Qd4 Rf8 26. Re3 axb4 27. axb4
Qd8 28. Rxc3 Qxh4 29. Bc6 Qf4+ 30. Kb2 Ne5 31. Bxb5 h5 32. Qe3 Qxe3 33. Rxe3 Rb8
34. c4 Kh7 35. Kc3 Kh6 36. Kd4 Ng4 37. Rb3 Nf6 38. e5 dxe5+ 39. Kxe5 Kg5 40. Bc6 1-0

[Event "Chigorin Memorial"]
[Site "St Petersburg RUS"]
[Date "2012.10.29"]
[Round "3.73"]
[White "Zenzera, Alexey"]
[Black "Pischikov, Vadim"]
[Result "1-0"]
[WhiteElo "2361"]
[BlackElo "2143"]
[WhiteFideId "4102665"]
[BlackFideId "4100280"]
[EventDate "2012.10.27"]

1. Nf3 Nf6 2. c4 e6 3. g3 b6 4. Bg2 Bb7 5. O-O Be7 6. Re1 O-O 7. Nc3 c5 8. e4 d6
9. d4 cxd4 10. Nxd4 Qc8 11. Be3 a6 12. Rc1 Nbd7 13. f4 Qc7 14. g4 Nc5 15. Bf2
Nxg4 16. Qxg4 Nd3 17. Bf1 Nxc1 18. Rxc1 Qd7 19. f5 e5 20. Nc2 g6 21. Ne3 Kh8 22.
Rd1 gxf5 23. Qxf5 Qd8 24. Qh3 Rg8+ 25. Kh1 Bg5 26. Nf5 Rg6 27. Nd5 Bc8 28. Nxb6
Bxf5 29. exf5 Rh6 30. Qf3 Rb8 31. c5 Bf4 32. h3 Qf6 33. c6 Qxf5 34. c7 Rg8 35.
c8=Q Rxc8 36. Nxc8 Qxc8 37. b4 Qf5 38. Be3 Rh4 39. Rxd6 e4 40. Bd4+ f6 41. Rxf6
Kg8 42. Rxf5 1-0

[Event "Chigorin Memorial"]
[Site "St Petersburg RUS"]
[Date "2012.10.29"]
[Round "3.75"]
[White "Dimukhametov, Artur"]
[Black "Naslund, Mikael"]
[Result "1-0"]
[WhiteTitle "FM"]
[BlackTitle "FM"]
[WhiteElo "2347"]
[BlackElo "2142"]
[WhiteFideId "4195680"]
[BlackFideId "1708260"]
[EventDate "2012.10.27"]

1. d4 Nf6 2. c4 g6 3. Nc3 d5 4. Nf3 Bg7 5. e3 O-O 6. Qb3 dxc4 7. Bxc4 Nc6 8. Qa3
b6 9. Ne5 Nxe5 10. dxe5 Ng4 11. Bd5 Rb8 12. f4 e6 13. Bf3 Qh4+ 14. g3 Qh3 15.
Qxa7 Nxh2 16. Kf2 Ng4+ 17. Ke2 Nh2 18. Ne4 Bb7 19. Bd2 Rfd8 20. Bc3 Bd5 21. Kf2
Bxe4 22. Bxe4 Ng4+ 23. Kf3 Nh2+ 24. Ke2 Qxg3 25. Rag1 Qh3 26. Rg5 h6 27. Bg2 Ra8
28. Qxc7 Qh4 29. Be1 hxg5 30. Bxh4 Rdc8 31. Qb7 Rc2+ 32. Kd3 Rac8 33. Rxh2 gxh4
34. Be4 Rc1 35. Rxh4 R8c7 36. Qb8+ Rc8 37. Qxb6 Rd1+ 38. Ke2 Rcc1 39. Qb8+ Bf8
40. Rh8+ Kxh8 41. Qxf8+ Kh7 42. Qxf7+ Kh8 43. Qe8+ Kg7 44. Qxg6+ Kf8 45. Qf6+ 1-0

[Event "Chigorin Memorial"]
[Site "St Petersburg RUS"]
[Date "2012.10.29"]
[Round "3.77"]
[White "Pershina, Elena"]
[Black "Sichinava, Zviad"]
[Result "0-1"]
[WhiteTitle "WFM"]
[WhiteElo "2122"]
[BlackElo "2339"]
[WhiteFideId "24147516"]
[BlackFideId "24111716"]
[EventDate "2012.10.27"]

1. c4 c5 2. Nf3 Nc6 3. d4 cxd4 4. Nxd4 g6 5. Nc3 Bg7 6. e3 Nf6 7. Be2 O-O 8. O-O
d6 9. Re1 Bd7 10. b3 Rc8 11. Bb2 a6 12. Qd2 Re8 13. Rad1 Qa5 14. a3 Qc7 15. Nd5
Nxd5 16. cxd5 Nxd4 17. Bxd4 Bxd4 18. Qxd4 Qc5 19. Qa1 Bf5 20. Rd4 Qc3 21. e4 Bd7
22. Rc4 Qxa1 23. Rxa1 b5 24. Rcc1 f5 25. Bd3 Kg7 26. f4 e6 27. exf5 exd5 28.
fxg6 hxg6 29. Kf2 d4 30. Rxc8 Rxc8 31. Ke2 Rc3 32. b4 Be6 33. Kd2 Bc4 34. Be4 d5
35. Bf3 Rb3 36. h3 Rb2+ 37. Ke1 d3 38. Kf1 d2+ 39. Be2 d1=Q+ 0-1